|
|
|
|
| LEADER |
00000cam a2200000 7i4500 |
| 001 |
0000000627 |
| 005 |
20000914.0 |
| 020 |
0 |
0 |
|a 9024726603
|
| 090 |
0 |
0 |
|a 634.956
|b TIS 1982
|
| 245 |
0 |
0 |
|a TISSUE culture in forestry
|c edited by J.M. Bonga and D.J. Durzan
|
| 260 |
0 |
0 |
|a The Hague :
|b M. Nijhoff/W. Junk;
|a Hingham, MA :
|b Distributors for the United States and Canada Kluwer Boston ,
|c 1982
|
| 300 |
|
|
|a xi, 420 p. :
|b ill. ;
|c 25 cm.
|
| 500 |
0 |
0 |
|a Includes bibliographies and indexes
|
| 650 |
0 |
0 |
|a Forests and forestry
|
| 650 |
0 |
0 |
|a Plant tissue culture
|
| 700 |
0 |
1 |
|a Bonga
|h J. M.
|
| 700 |
0 |
1 |
|a Durzan
|h D. J.
|
| 999 |
|
|
|a 0000001682
|b Monograph
|c Open Shelf
|e Default branch
|